Homeland Trivia - Statistics

General Stats
  • This quiz has been taken 528 times
  • The average score is 12 of 25
Answer Stats
Hint Answer % Correct
Sergeant _______? Brody
95%
Main Protagonist Carrie Mathison
91%
What illness does she have? Bipolar Disorder
89%
Nationality of this actor English
81%
Name of Actress who plays her Claire Danes
74%
Is it a good series? Yes
72%
Terrorist captor of the Sergeant Abu Nazir
67%
Who was the Sergeant's wife boning whilst he was away? Mike Faber
61%
Friendly Jewish CIA agent? Saul Berenson
61%
Actor who plays him ^^^ Damian Lewis
55%
Sergeant's wife Jessica Brody
52%
What recreational drug is Dana seen using? Marijuana
51%
What crime does his son commit? ^^^ Hit and Run
50%
Television channel the series airs on Showtime
40%
His child ^^^ Issa
39%
Which city does the Sergeant obtain the bomb from? Gettysburg
35%
What does the Sergeant store in his garage? The Quran
32%
Sergeant's sharpshooter accomplice in the bomb plot Tom Walker
27%
What sort of house do the family live in? Bungalow
23%
Why doesn't the bomb plot succeed? Dana calls the Sergeant
22%
Name of Vice President who wants the sergeant as his running mate William Walden
22%
Why does the Sergeant move his fingers on TV? He is Praying
18%
What Israeli series is Homeland loosely based on? Hatufim or Prisoners of War
16%
Sergeant's terrorist contact in 2nd Season Roya Hammad
15%
In which city is the series filmed? Charlotte, NC
8%
No matching quizzes found
Score Distribution
Percent of People with Each Score
Percentile by Number Answered
Your Score History
You have not taken this quiz